00821cam a2200229 a 4500008004100000020002500041100002300066245010300089260003100192300003300223440004800256504004100304500002000345650003600365650003600401653008300437700002300520700002100543003000100564005001700565040000900582  a9780470187814 (hbk.)1 aKlugman, Stuart A.10aLoss models :bfrom data to decisions /cStuart A. Klugman, Harry H. Panjer and Gordon E. Willmot. aNew York :bWiley,cc2008. axix, 726 p. :bill ;c26 cm. 0aWiley series in probability and statistics. aIncludes bibliographical references. aIncludes index. 0aInsurancexStatistical methods. 0aInsurancexMathematical models. aActuarial scienceaStatistical mathematicsaDistributionsaMathematical models aWillmot, Gordon E.1 aPanjer, Harry H.20230123125312.0 cNUST